| 000 | 00299 a2200121 4500 | ||
|---|---|---|---|
| 001 | 63625 | ||
| 082 | _a629.13435 PEN | ||
| 090 |
_c37623 _d37623 |
||
| 100 | _aPenner S.S | ||
| 245 |
_aChemistry problems in Jet Propulsion _hEnglish |
||
| 260 |
_aLondon _bPergamon Press _c1957 |
||
| 300 | _a394p | ||
| 942 |
_aNUST-CAE _k629.13435 PEN |
||
| 999 |
_c298698 _d298698 |
||